| 000 | 00603cam a2200241 4500 | ||
|---|---|---|---|
| 001 | J92807 | ||
| 008 | 090401t1996 xxu||||| |||| 00| 0 eng d | ||
| 035 | _a(Sirsi) u87340 | ||
| 041 | _aeng | ||
| 050 | _a634.92 | ||
| 110 |
_aInvestment Property Databank _92288 |
||
| 245 | _aIPD forestry index 1996. | ||
| 260 |
_aLondon _bInvestment Property Databank _c1996 |
||
| 300 | _a1 folded sheet (6p.) ; 30cm. | ||
| 350 | _a0 | ||
| 650 | _aFORESTRY INDEX | ||
| 650 | _aINDICES | ||
| 650 | _aINVESTMENT | ||
| 650 | _aTIMBER PRICES | ||
| 690 | _aRURAL PRACTICE | ||
| 942 | _n0 | ||
| 948 | _c10/07/1998 | ||
| 999 |
_c97217 _d97217 |
||